000 01873nam a22002537a 4500
003 NALT
005 20251105094846.0
008 211223b th ||||| |||| 00| 0 tha d
020 _a9786165881210
040 _aNALT
050 _aDS 578.32
_bค144บ 2564
100 0 _944455
_aคมกริช วรคามิน
245 1 0 _aบันทึกนักการทูต /
_cคมกริช วรคามิน.
250 _aพิมพ์ครั้งแรก
260 _aกรุงเทพฯ :
_bกิจไพศาลการพิมพ์และซัพพลายส์,
_c2564.
300 _a279 หน้า :
_bภาพประกอบ ;
_c21 ซม.
505 2 _a1. เส้นทางนักการทูต -- 2. รัฐศาสตร์ที่มหาวิทยาลัยธรรมศาสตร์ -- 3. รัฐศาสตร์ที่มหาวิทยาลัยฮาวาย -- 4. เจ้าหน้าที่โต๊ะเวียดนาม -- 5. นักการทูตเทอมแรกที่กรุงฮานอย -- 6. ประสบการณ์นักการทูตระหว่างปี 2533-2552 -- 7. นักการทูตเทอมที่สองที่กรุงฮานอย -- 8. กงสุลใหญ่ ณ นครแวนคูเวอร์ -- 9. เอกอัครราชทูต ณ กรุงบูคาเรสต์ -- 10. ความลงท้าย.
600 0 4 _955271
_aคมกริช วรคามิน
_xชีวประวัติ
850 _aNALT
942 _cGB
_2lcc
996 _avaree.k
_bLIBSTF
_c2025-11-04
999 _c98768
_d98768
998 _j111
_k นางสาวพจพิณ พรมเอี่ยม